America's music : from the Pilgrims to the present.

Bibliographic Details
Main Author: Chase, Gilbert, 1906-1992
Format: Book
Language:English
Published: New York : McGraw-Hill, [1955]
Subjects:

MARC

Tag First Indicator Second Indicator Subfields
LEADER 00000cam a2200000 4500
001 in00000028379
005 20151007061420.0
008 720825s1955 nyug b 00000 eng u
010 |a  54009707  
035 |a (OCoLC)00391581 
035 |9 AAD2022AM 
040 |c OUN  |d TXA  |d UtOrBLW 
049 |a TXAM  |c [247369] 
050 0 |a ML200  |b .C5 
082 0 |a 780.973 
092 |a 780.973  |b C487a 
100 1 |a Chase, Gilbert,  |d 1906-1992. 
245 1 0 |a America's music :  |b from the Pilgrims to the present. 
264 1 |a New York :  |b McGraw-Hill,  |c [1955] 
300 |a xxiii, 733 pages :  |b music. ;  |c 24 cm. 
336 |a text  |b txt  |2 rdacontent 
337 |a unmediated  |b n  |2 rdamedia 
338 |a volume  |b nc  |2 rdacarrier 
504 |a Bibliography: pages 679-706. 
536 |a From the Howard Mayer Brown, Edward Downes and Mary Schieffelin Book Collections, October 2004. 
650 0 |a Music  |z United States  |x History and criticism. 
999 |a MARS 
999 f f |s 56eb7ee7-692c-3df9-8842-ed811c386edd  |i ecf59bf0-591d-3e2e-bbf0-7ff3c5f524ab  |t 0 
952 f f |p storage  |a Texas A&M University  |b J.J. Pickle Campus  |c High Density Repository  |d Remote Storage  |t 0  |e ML200 .C5  |h Library of Congress classification  |i unmediated -- volume  |m A14801169074 
998 f f |a ML200 .C5  |t 0  |l Remote Storage